[Event "GCT Saint Louis Rapid 2019"]
[Site "Saint Louis"]
[Date "2019.08.11"]
[Round "4.5"]
[White "Yu, Yangyi"]
[Black "Mamedyarov, Shakhriyar"]
[Result "1-0"]
[WhiteElo "2736"]
[BlackElo "2765"]
[Annotator "RC"]
[PlyCount "87"]
[EventDate "2019.08.10"]
[EventType "tourn"]
[EventCountry "USA"]
[SourceTitle "playchess.com"]
[Source "ChessBase"]
[SourceQuality "1"]
[TimeMode "Bronstein"]
[TimeControl "1500+10"]

1. e4 {[%emt 0:00:00]} e5 {[%emt 0:00:00]} 2. Nf3 {[%emt 0:00:00]} Nc6 {[%emt 0:00:00]} 3. Nc3 {[%emt 0:00:00]} Nf6 {[%emt 0:00:00]} 4. Bb5 {[%emt 0:00:00]} Bb4 {[%emt 0:00:00]} 5. O-O {[%emt 0:00:00]} O-O {[%emt 0:00:25]} 6. d3 {[%emt 0:00:00]} d6 {[%emt 0:00:13]} 7. Ne2 {[%emt 0:00:00]} Ne7 {[%emt 0:00:11]} 8. c3 {[%emt 0:00:00]} Ba5 {[%emt 0:00:10]} 9. Ng3 {[%emt 0:00:00]} Ng6 {[%emt 0:00:11]} 10. d4 {[%emt 0:00:00]} c6 {[%emt 0:00:11]} 11. Bd3 {[%emt 0:00:00]} Re8 {[%emt 0:00:10]} 12. h3 {[%emt 0:00:00]} h6 {[%emt 0:00:10]} 13. a4 {[%emt 0:00:12]} exd4 {[%emt 0:01:43]} 14. cxd4 {[%emt 0:00:12]} c5 {[%emt 0:01:54]} 15. Bd2 {[%emt 0:00:36]} cxd4 {[%emt 0:01:22]} 16. Nxd4 {[%emt 0:00:22]} Bb6 {[%emt 0:00:10]} 17. Bc3 {[%emt 0:02:32]} d5 {[%emt 0:00:10]} 18. Bb5 {[%emt 0:00:55]} Rxe4 {[%emt 0:01:12]} 19. Nxe4 {[%emt 0:01:08]} Nxe4 {[%emt 0:00:10]} 20. Nf3 {[%emt 0:05:01]} a6 {[%emt 0:05:40]} 21. Bd3 {[%emt 0:00:51]} Nxc3 {[%emt 0:00:10]} 22. bxc3 {[%emt 0:00:10]} Nf4 {[%emt 0:00:10]} 23. Re1 {[%emt 0:02:14]} Bd7 {[%emt 0:01:04]} 24. Bf1 {[%emt 0:02:14]} Rc8 {[%emt 0:00:10]} 25. c4 {[%emt 0:01:52]} dxc4 {[%emt 0:01:00]} 26. Re4 {[%emt 0:01:05]} g5 {[%emt 0:02:53]} 27. Rxc4 {[%emt 0:01:44]} Rxc4 {[%emt 0:01:10]} 28. Bxc4 {[%emt 0:00:10]} Qc7 {[%emt 0:02:38]} 29. Rc1 {[%emt 0:00:13]} Nxh3+ {[%emt 0:00:21]} 30. Kf1 {[%emt 0:00:35]} Qf4 {[%emt 0:00:40]} 31. Rc3 {[%emt 0:01:46]} Bf5 {[%emt 0:01:51]} 32. Bxf7+ {[%emt 0:00:56]} Kxf7 {[%emt 0:01:23]} 33. Qb3+ {[%emt 0:00:47]} Kg6 {[%emt 0:00:47]} 34. Qxb6+ {[%emt 0:00:29]} Kh5 {[%emt 0:00:10]} 35. gxh3 {[%emt 0:00:59]} Qxa4 {[%emt 0:00:40]} 36. Qd4 {[%emt 0:00:44]} Bxh3+ {[%emt 0:00:18]} 37. Kg1 {[%emt 0:00:10]} Qa1+ {[%emt 0:00:10]} 38. Kh2 {[%emt 0:00:12]} Qf1 {[%emt 0:00:10]} 39. Ne1 {[%emt 0:00:31]} Bg4 {[%emt 0:00:10]} 40. Qe3 {[%emt 0:00:13]} Qb5 {[%emt 0:00:10]} 41. Ng2 {[%emt 0:00:14]} Qd7 {[%emt 0:00:16]} 42. Qe5 {[%emt 0:00:10]} Qf5 {[%emt 0:00:10]} 43. Qe8+ {[%emt 0:00:15]} Qg6 {[%emt 0:00:10]} 44. Nf4+ {[%emt 0:00:12]} 1-0

[Event "GCT Saint Louis Rapid 2019"]
[Site "Saint Louis"]
[Date "2019.08.11"]
[Round "5.1"]
[White "Carlsen, Magnus"]
[Black "Aronian, Levon"]
[Result "0-1"]
[WhiteElo "2872"]
[BlackElo "2756"]
[Annotator "TA"]
[PlyCount "70"]
[EventDate "2019.08.10"]
[EventType "tourn"]
[EventCountry "USA"]
[SourceTitle "playchess.com"]
[Source "ChessBase"]
[SourceQuality "1"]

{[%evp 11,70,-11,0,-4,0,-9,0,-6,0,0,0,0,7,0,6,1,15,-12,-14,-15,36,26,35,43,44,3,96,85,89,0,0,-145,-139,-143,-146,-145,-142,-142,-142,-143,-158,-179,-182,-178,-94,-258,-241,-374,-365,-391,-374,-395,-393,-366,-369,-447,-440,-440,-440,-433,-418]} 1. d4 Nf6 2. Nf3 d5 3. Bf4 e6 4. e3 Bd6 5. Bg3 O-O 6. Nbd2 b6 7. c3 {D02: 1 d4 d5 2 Nf3 sidelines, including 2...Nf6 3 g3 and 2...Nf6 3 Bf4} Bb7 (7... c5 8. Bd3 Ba6 9. Bxa6 Nxa6 10. O-O Bxg3 11. hxg3 Qc7 12. Qe2 Nb8 13. e4 dxe4 14. Nxe4 Nbd7 {1-0 (55) Duda,J (2738)-Giri,A (2783) St Petersburg 2018}) 8. Bd3 Nbd7 9. Qc2 {The position is equal.} Bxg3 $146 ({Predecessor:} 9... g6 10. e4 dxe4 11. Nxe4 Nxe4 12. Bxe4 Qc8 {0-1 (90) Cruz,C (2541)-Volkov,S (2591) Sitges 2016}) 10. hxg3 {[%cal Rd3h7]} h6 11. Rh4 c5 12. Ne5 Rc8 13. f4 a6 14. a4 cxd4 15. exd4 Nxe5 ({Black should try} 15... b5 $11) 16. fxe5 $14 Nd7 17. Nf3 f6 $1 18. exf6 Qxf6 (18... Nxf6 $11 19. Qd2 Ne4) 19. Rf4 Qe7 20. Bh7+ (20. Qe2 $16) 20... Kh8 $11 21. Nh4 {[#]} (21. O-O-O $11) 21... Rxf4 $1 $17 22. Ng6+ Kxh7 23. Nxe7+ Re4+ 24. Qxe4+ dxe4 25. Nxc8 Bxc8 26. b4 Kg6 27. c4 Kf7 ({Better is} 27... a5 $19 28. Ke2 axb4) 28. b5 $2 (28. Rb1 $17 {might work better.}) 28... e5 $19 29. dxe5 {[#]} (29. Rd1 $142) 29... a5 $1 30. Rd1 {intending Rd6.} Nxe5 31. Rd4 Be6 32. Rxe4 Nxc4 33. Ke2 Nd6 {Black is clearly winning.} 34. Rf4+ Ke7 35. Kd3 Nb7 {Accuracy: White = 43%, Black = 53%.} 0-1

[Event "GCT Saint Louis Rapid 2019"]
[Site "Saint Louis"]
[Date "2019.08.11"]
[Round "5.2"]
[White "Mamedyarov, Shakhriyar"]
[Black "Vachier-Lagrave, Maxime"]
[Result "0-1"]
[WhiteElo "2765"]
[BlackElo "2775"]
[Annotator "TA"]
[PlyCount "110"]
[EventDate "2019.08.10"]
[EventType "tourn"]
[EventCountry "USA"]
[SourceTitle "playchess.com"]
[Source "ChessBase"]
[SourceQuality "1"]

{[%evp 15,110,0,0,2,2,0,0,0,0,0,0,-35,10,0,0,-24,27,29,26,32,39,0,31,0,0,-17,0,-35,-44,-44,-49,-21,0,-19,25,0,0,0,0,0,0,0,0,0,0,0,20,23,28,33,19,23,24,32,37,36,106,106,118,114,149,148,144,135,162,115,302,302,300,295,197,30,35,35,59,54,58,60,47,11,39,-2,9,9,62,62,62,62,1220,-747,-700,-669,-652,-1133,-993,-1468,-1369]} 1. d4 Nf6 2. Nf3 g6 3. g3 Bg7 4. Bg2 d5 5. c4 c6 6. O-O O-O 7. Qb3 Qb6 8. Nc3 Rd8 9. Rd1 {D78: Fianchetto Grünfeld: 6 0-0 c6} (9. Bd2 dxc4 10. Qxc4 Be6 11. Qa4 Bf5 12. Rfe1 Ne4 13. Nxe4 Bxe4 14. Ba5 Qa6 15. Qa3 Re8 16. Bf1 c5 17. dxc5 Bxb2 {½-½ (17) Ding,L (2813)-Nepomniachtchi,I (2763) Wijk aan Zee 2019}) 9... Bf5 10. Ne1 Be6 11. c5 {The position is equal.} Qxb3 12. axb3 Na6 13. Nd3 $146 ({Predecessor:} 13. Ra4 Bf5 14. Bf4 Nd7 15. Bg5 Kf8 16. Rda1 h6 {0-1 (62) Maghsoodloo,P (2577)-Wang,H (2680) Chengdu 2017}) 13... Ne4 14. e3 Bf5 15. f3 Nxc3 (15... Nf6 $142) 16. bxc3 $11 e5 17. b4 exd4 18. cxd4 Nc7 19. Nf2 Re8 20. e4 Be6 21. Bf1 dxe4 22. fxe4 Bb3 23. Rd2 Ne6 24. Bb2 Rad8 {[%cal Re6d4]} 25. Ra3 $36 {[%mdl 2048] White is pushing.} Bh6 26. Rd3 Bc2 27. Rdc3 $1 {[%cal Rc3c2]} Nxd4 28. Rc4 Nb5 29. Rxc2 Nxa3 30. Bxa3 Be3 31. Kg2 Bxf2 32. Kxf2 Rxe4 33. b5 cxb5 34. Bxb5 h5 35. Be2 h4 (35... Red4 $14) 36. Bf3 $16 hxg3+ 37. hxg3 Ra4 38. Bb2 {[%mdl 1024] White has strong compensation.} Rb4 39. Bf6 $1 {[%cal Rf6d8]} Re8 40. g4 Rf4 $2 (40... g5 $16 {was called for.} 41. Bxg5 Kg7) 41. g5 $1 $18 Rf5 {[#]} 42. Rc1 $1 Rc8 {[#]} 43. Bd4 $2 ({Don't do} 43. Rh1 $6 Rxf6 44. gxf6 Rxc5 $16) ({White must play} 43. Rd1 $1 $18) 43... Rd8 $11 44. Be3 Rd3 45. Ke2 Rb3 {Threatens to win with ...Re5.} 46. Be4 Re5 47. Bd3 a5 48. Kd2 a4 {...a3 is the strong threat.} (48... Rd5 $5 49. Rc3 $8 Rb2+ 50. Kc1 Rb4 $11) 49. Rc4 {Hoping for Bd4.} a3 ({Black should try} 49... Kf8 $11) 50. Bd4 $1 $14 {[%cal Rd4e5]} Rxg5 {White must now prevent ...Rg2+.} 51. Ra4 $1 {[%cal Ra4a8] Ra8+ would kill now.} Rg2+ $2 {[%mdl 8192]} (51... Kf8 $14 52. Bf6 (52. Kc2 Rb2+ 53. Bxb2 axb2 $16) 52... Rb2+ 53. Ke3 (53. Bxb2 axb2 54. Ra2 Rxc5 $14) 53... Rg3+ 54. Kf4 Rf2+ 55. Kxg3 Rxf6) 52. Ke3 $4 {[%mdl 8192]} (52. Ke1 $18 f5 53. Bc4+ Kf8 54. Bxb3) 52... f5 {Black is clearly winning.} ({Not} 52... Rg3+ 53. Kf2 $11) 53. Be5 Kf7 54. Bf4 {If only White now had time for Kd4....} g5 55. Bd6 a2 {Accuracy: White = 59%, Black = 37%.} 0-1

[Event "GCT Saint Louis Rapid 2019"]
[Site "Saint Louis"]
[Date "2019.08.11"]
[Round "5.3"]
[White "Ding, Liren"]
[Black "Yu, Yangyi"]
[Result "1-0"]
[WhiteElo "2812"]
[BlackElo "2736"]
[Annotator "TA"]
[PlyCount "97"]
[EventDate "2019.08.10"]
[EventType "tourn"]
[EventCountry "USA"]
[SourceTitle "playchess.com"]
[Source "ChessBase"]
[SourceQuality "1"]

{[%evp 9,97,10,17,0,0,9,0,-1,10,5,8,0,22,16,19,0,25,0,29,30,27,33,81,82,72,58,72,68,67,62,78,63,62,34,41,43,43,56,56,35,59,52,48,33,37,20,41,29,41,0,29,12,72,25,96,95,100,95,102,87,154,164,335,320,446,445,526,512,561,553,29977,29978,11161,29976,29971,6027,29980,29981,29981,29982,29982,29983,29984,29985,29985,29986,29985,29985,29981,29978]} 1. d4 Nf6 2. c4 e6 3. Nf3 d5 4. Nc3 Be7 5. cxd5 exd5 6. Qc2 {D35: Queen's Gambit Declined: Exchange Variation} (6. Bf4 c6 7. e3 Bf5 8. Nh4 Bg4 9. Be2 Bxe2 10. Qxe2 g6 11. Nf3 Nbd7 12. Bh6 Ng4 13. Bf4 Ngf6 14. O-O O-O 15. h3 Re8 {½-½ (74) Yu,Y (2751)-Jakovenko,D (2719) Shenzhen 2019}) 6... c6 7. e3 O-O 8. Bd3 {The position is equal.} c5 9. dxc5 Nc6 10. O-O $146 ({Predecessor:} 10. a3 Bxc5 11. O-O h6 12. Rd1 Bd6 13. Be2 Be6 14. Nb5 Rc8 15. Nxd6 {½-½ (33) Ushenina,A (2458)-Unuk,L (2343) Kocaeli 2017}) 10... Nb4 11. Qd1 Bxc5 12. h3 Qe7 13. b3 Rd8 14. Bb2 Nxd3 15. Qxd3 Ba3 16. Bxa3 Qxa3 17. Rfc1 Qe7 18. Rc2 Bd7 19. Rac1 Rac8 20. Nd4 a6 21. f3 h6 22. Nce2 Re8 23. Rxc8 Bxc8 24. Qd2 Qd6 25. a4 Bd7 26. Nf4 b6 27. h4 a5 28. h5 Qe5 29. g4 Nh7 30. Kg2 Ng5 (30... Qg5 $11 {remains equal.}) 31. Qf2 f5 (31... Ne6 $11 32. Nfxe6 fxe6) 32. gxf5 $16 {[%mdl 64] Overworked Piece} Bxf5 33. Rc6 {[%cal Bc1c6,Bc6b6,Bb6g6][%mdl 32]} Bd7 34. Rxb6 Qc7 {[#]} ({Better is} 34... Ne6 35. Nfxe6 (35. Ndxe6 Bxe6 36. Nxe6 Rxe6 $16) 35... Bxe6) 35. Rg6 $1 ({Not} 35. Nxd5 Qc5 $11) 35... Re5 $2 (35... Qe5 36. Ra6 Ne6 37. Ndxe6 Bxe6) 36. Qb2 $18 Kh7 37. Nb5 Bxb5 38. axb5 d4 39. Qxd4 Qb7 40. Qxe5 Qxf3+ 41. Kg1 {[%csl Gg6][%cal Re5g7]} Qd1+ 42. Kf2 {[%csl Gg6][%cal Re5g7]} Qf3+ 43. Ke1 {[%csl Gg6][%cal Re5g7] White mates.} Qh1+ 44. Ke2 {[%csl Gg6][%cal Re5g7]} Qf3+ 45. Kd3 {[%csl Gg6][%cal Re5g7]} Qd1+ 46. Kc4 {[%csl Gg6][%cal Re5g7]} Qc2+ 47. Kd5 {[%csl Gg6][%cal Re5g7]} Qxb3+ 48. Kc6 {[%csl Gg6][%cal Re5g7]} Qc4+ {[#]} 49. Kb6 $1 {Accuracy: White = 60%, Black = 39%.} 1-0

[Event "GCT Saint Louis Rapid 2019"]
[Site "Saint Louis"]
[Date "2019.08.11"]
[Round "5.4"]
[White "Dominguez Perez, Leinier"]
[Black "Caruana, Fabiano"]
[Result "1/2-1/2"]
[WhiteElo "2760"]
[BlackElo "2819"]
[Annotator "TA"]
[PlyCount "116"]
[EventDate "2019.08.10"]
[EventType "tourn"]
[EventCountry "USA"]
[SourceTitle "playchess.com"]
[Source "ChessBase"]
[SourceQuality "1"]

{[%evp 12,116,52,42,50,54,40,42,36,43,45,33,33,33,30,29,33,36,37,38,38,29,30,26,31,28,34,27,25,34,37,31,29,31,36,45,35,29,31,35,25,39,27,31,39,34,34,34,34,29,36,28,41,41,37,39,37,34,82,68,205,205,208,206,211,202,175,194,179,194,197,194,213,213,286,287,230,177,213,213,213,144,208,201,549,549,494,194,238,206,190,186,165,8,8,8,8,8,8,8,8,8,8,8,8,8,8]} 1. e4 e5 2. Nf3 Nc6 3. Bb5 a6 4. Ba4 Nf6 5. O-O Bc5 6. c3 b5 7. Bc2 d5 {C78: Ruy Lopez: Archangelsk and Möller Defences} 8. a4 {[%cal Ba2a4,Ba4b5][%mdl 32]} (8. d4 dxe4 9. Nxe5 Nxe5 10. dxc5 Qe7 11. Bxe4 Nxe4 12. Qd5 Nxc5 13. Qxa8 O-O 14. Be3 Ncd3 15. Nd2 {0-1 (28) Swiercz,D (2656)-Hammer,J (2662) Saint Louis 2018}) 8... dxe4 9. axb5 $1 exf3 {White is slightly better.} 10. Qxf3 {[%mdl 64] Pin} e4 $1 {[%cal Re4f3]} 11. Bxe4 Ne5 12. Qe2 $1 O-O ({Wrong is} 12... Nd5 $2 13. d4 $18) 13. d4 Bg4 14. Qc2 Nxe4 15. Qxe4 {[#]} Nf3+ $146 16. gxf3 Bh3 17. dxc5 {Black must now prevent Re1.} Bxf1 18. Kxf1 {Threatens to win with Kg2.} Qd1+ {[%mdl 64] Double Attack} 19. Qe1 Qxf3 {...Rad8 is the strong threat.} 20. Be3 axb5 21. Rxa8 Rxa8 22. Nd2 Qh1+ $1 23. Ke2 Qxh2 24. Nf3 Qh3 $1 25. Qd1 Qe6 $1 26. Qd3 c6 27. Qd6 Qc4+ $1 28. Kd2 b4 29. cxb4 Qxb4+ {[%mdl 64] Double Attack} 30. Kd3 Qxb2 31. Qxc6 Qb1+ 32. Ke2 Qc2+ 33. Nd2 {[%cal Rc6a8]} Rd8 34. Kf3 h5 35. Ne4 $1 h4 ({Black should try} 35... Kf8 $14) 36. Kg2 $18 Qc4 37. Nd6 Qe6 38. Qe4 Qxe4+ 39. Nxe4 Kf8 40. Kh3 $1 Ke7 41. Kxh4 Ke6 42. Ng5+ Ke7 {[#]} 43. Kg4 $1 {[%cal Rg4f5]} Ra8 44. Kf3 f6 45. Ne4 Ke6 46. Nd6 Ra2 (46... Kd5 $16 47. Nf5 Ra7) 47. Ke4 g6 $2 (47... Ra4+ 48. Bd4 g6) 48. Nb5 f5+ 49. Kf4 $2 (49. Kf3) 49... Ra4+ 50. Kg5 {And now c6 would win.} Rg4+ 51. Kh6 {Hoping for c6.} f4 {[#]} 52. Bd2 $2 (52. f3 $1 $18 {[%cal Rf3g4]} Rg3 53. Bxf4 Rh3+ 54. Kxg6) 52... Kd5 $11 {The position is equal.} 53. Nc3+ Kxc5 54. Ne4+ (54. f3 $5 {[%cal Rf3g4]} Rg1 55. Bxf4 $11) 54... Kd4 55. f3 Rg3 56. Ng5 Kd3 57. Bxf4 Rxf3 {[%mdl 64] Remove Defender, Decoy} 58. Nxf3 Ke4 {[%mdl 64] Double Attack. Accuracy: White = 82%, Black = 69%.} 1/2-1/2

[Event "GCT Saint Louis Rapid 2019"]
[Site "Saint Louis"]
[Date "2019.08.11"]
[Round "5.5"]
[White "Karjakin, Sergey"]
[Black "Rapport, Richard"]
[Result "1/2-1/2"]
[WhiteElo "2748"]
[BlackElo "2735"]
[Annotator "TA"]
[PlyCount "81"]
[EventDate "2019.08.10"]
[EventType "tourn"]
[EventCountry "USA"]
[SourceTitle "playchess.com"]
[Source "ChessBase"]
[SourceQuality "1"]

{[%evp 11,81,27,60,41,49,24,37,28,51,31,27,-30,-20,-38,-11,-42,-32,-32,-40,-37,-43,-95,-93,-92,0,0,0,0,0,-3,-2,-2,0,-33,-28,-32,-30,-37,-32,-38,-44,-41,-33,-27,-37,-65,-58,-60,-9,-34,-27,-26,-35,-37,-37,-33,-33,-39,-39,-26,-31,-3,0,0,0,0,0,0,0,0,0,0]} 1. e4 e5 2. Nf3 Nc6 3. Bc4 Nf6 4. d3 h6 5. O-O d6 6. c3 g6 7. a4 {C55: Two Knights: 4 d3, 4 d4 exd4 5 e5 and Max Lange Attack} (7. d4 Qe7 8. Re1 Bg7 9. Nbd2 O-O 10. h3 Nh7 11. Nf1 Ng5 12. Nxg5 hxg5 13. d5 Nb8 14. Bd3 Nd7 15. Ne3 a5 16. b4 f5 17. exf5 e4 18. fxg6 Bxc3 {1-0 (65) Jones,G (2682)-Howell,D (2696) London 2018}) 7... Bg7 8. Re1 O-O 9. Nbd2 {White is slightly better.} Re8 10. Nf1 Be6 11. Ng3 $146 (11. Bxe6 $142 Rxe6 12. b4) ({Predecessor:} 11. Bxe6 Rxe6 12. Ng3 d5 13. Qc2 Qe7 {½-½ (66) Babula,V (1800)-Mekhane,A (1999) Bad Blankenburg 2018}) 11... d5 $11 12. Bb5 Nd7 13. Bd2 a6 14. Bxc6 bxc6 15. d4 Bg4 16. h3 (16. exd5 $15 cxd5 17. h3 Bxf3 18. Qxf3) 16... Bxf3 $1 $17 17. Qxf3 Rb8 (17... exd4 $17 18. cxd4 Bxd4 19. exd5 Ne5) 18. exd5 $11 cxd5 19. Qxd5 Rxb2 20. Be3 exd4 21. Bxd4 Nf8 22. Qxd8 (22. Qc4 {feels hotter.} Bxd4 23. cxd4 Qf6 24. Rf1 Qd6 25. Rab1) 22... Rxd8 23. Bxg7 Kxg7 24. Rad1 Rxd1 25. Rxd1 $15 {[%mdl 4096] Endgame KRN-KRN} Ne6 26. Rd5 $1 Rb1+ 27. Kh2 Rb6 28. Ne2 Rb2 29. Nd4 $1 Nf4 ({Better is} 29... Nxd4 $1 $15 30. cxd4 Rxf2) 30. Ra5 $11 Rxf2 31. Kg3 Rf1 32. Rxa6 c5 33. Nb3 Ne2+ 34. Kh2 $1 h5 35. Nxc5 h4 {[#] ( -> ...Ng3)} 36. Ne4 $1 Ra1 {The position is equal.} 37. Ra7 Kf8 38. Ra8+ Ke7 {Threatens to win with ...f5.} 39. Ra7+ Kf8 {And now ...f5 would win.} 40. Ra8+ Ke7 {...f5 is the strong threat.} 41. Ra7+ {Accuracy: White = 58%, Black = 82%.} 1/2-1/2

[Event "GCT Saint Louis Rapid 2019"]
[Site "Saint Louis"]
[Date "2019.08.11"]
[Round "6.1"]
[White "Aronian, Levon"]
[Black "Dominguez Perez, Leinier"]
[Result "1/2-1/2"]
[WhiteElo "2756"]
[BlackElo "2760"]
[Annotator "ChessBase"]
[PlyCount "139"]
[EventDate "2019.08.10"]
[EventType "tourn"]
[EventCountry "USA"]
[SourceTitle "playchess.com"]
[Source "ChessBase"]
[SourceQuality "1"]
[TimeMode "Bronstein"]
[TimeControl "1500+10"]

1. e4 {[%emt 0:00:00]} e5 {[%emt 0:00:07]} 2. Nf3 {[%emt 0:00:00]} Nc6 {[%emt 0:00:07]} 3. Bb5 {[%emt 0:00:00]} Nf6 {[%emt 0:00:07]} 4. O-O {[%emt 0:00:00]} Nxe4 {[%emt 0:00:07]} 5. d4 {[%emt 0:00:00]} Nd6 {[%emt 0:00:07]} 6. Bxc6 {[%emt 0:00:00]} dxc6 {[%emt 0:00:07]} 7. dxe5 {[%emt 0:00:00]} Nf5 {[%emt 0:00:07]} 8. Qxd8+ {[%emt 0:00:00]} Kxd8 {[%emt 0:00:07]} 9. Nc3 {[%emt 0:00:00]} h6 {[%emt 0:00:14]} 10. h3 {[%emt 0:00:04]} Bd7 {[%emt 0:00:15]} 11. b3 {[%emt 0:00:09]} Kc8 {[%emt 0:00:48]} 12. Bb2 {[%emt 0:00:09]} b6 {[%emt 0:01:43]} 13. Rad1 {[%emt 0:00:11]} c5 {[%emt 0:00:44]} 14. Nd5 {[%emt 0:02:37]} a5 {[%emt 0:00:10]} 15. Rd3 {[%emt 0:01:00]} Ne7 {[%emt 0:06:16]} 16. Ne3 {[%emt 0:04:55]} Be6 {[%emt 0:04:39]} 17. Nd2 {[%emt 0:00:40]} a4 {[%emt 0:02:02]} 18. f4 {[%emt 0:04:23]} axb3 {[%emt 0:00:10]} 19. axb3 {[%emt 0:00:10]} Ra2 {[%emt 0:00:10]} 20. Rb1 {[%emt 0:02:22]} Nf5 {[%emt 0:01:01]} 21. Ne4 {[%emt 0:00:48]} Nxe3 {[%emt 0:02:54]} 22. Rxe3 {[%emt 0:00:10]} c4 {[%emt 0:01:19]} 23. bxc4 {[%emt 0:01:21]} Ra4 {[%emt 0:00:10]} 24. c5 {[%emt 0:01:35]} Bxc5 {[%emt 0:01:36]} 25. Nxc5 {[%emt 0:00:10]} bxc5 {[%emt 0:00:10]} 26. Ra3 {[%emt 0:00:19]} Rxa3 {[%emt 0:00:20]} 27. Bxa3 {[%emt 0:00:10]} Rd8 {[%emt 0:00:10]} 28. Bxc5 {[%emt 0:00:55]} Rd2 {[%emt 0:00:10]} 29. Bf8 {[%emt 0:00:49]} Bd5 {[%emt 0:00:27]} 30. g4 {[%emt 0:00:10]} Rg2+ {[%emt 0:00:16]} 31. Kf1 {[%emt 0:00:10]} Rxc2 {[%emt 0:00:10]} 32. Bxg7 {[%emt 0:02:01]} Bg2+ {[%emt 0:00:10]} 33. Ke1 {[%emt 0:01:25]} Bxh3 {[%emt 0:00:10]} 34. Rb3 {[%emt 0:00:16]} Bxg4 {[%emt 0:00:29]} 35. Bxh6 {[%emt 0:00:10]} Kd7 {[%emt 0:00:44]} 36. Rg3 {[%emt 0:00:10]} Bf5 {[%emt 0:00:24]} 37. Rg8 {[%emt 0:00:45]} c5 {[%emt 0:00:31]} 38. Bg5 {[%emt 0:00:13]} c4 {[%emt 0:01:07]} 39. Rd8+ {[%emt 0:00:10]} Kc6 {[%emt 0:00:11]} 40. Rd6+ {[%emt 0:00:10]} Kb5 {[%emt 0:00:10]} 41. Rf6 {[%emt 0:00:10]} Bg4 {[%emt 0:00:10]} 42. f5 {[%emt 0:00:33]} Re2+ {[%emt 0:00:10]} 43. Kf1 {[%emt 0:00:10]} Rxe5 {[%emt 0:00:15]} 44. Rxf7 {[%emt 0:00:10]} Bxf5 {[%emt 0:00:10]} 45. Bf6 {[%emt 0:00:45]} Bd3+ {[%emt 0:00:11]} 46. Kf2 {[%emt 0:00:10]} Re2+ {[%emt 0:00:10]} 47. Kf3 {[%emt 0:00:10]} Re1 {[%emt 0:00:10]} 48. Rf8 {[%emt 0:00:13]} Kc6 {[%emt 0:00:12]} 49. Kf2 {[%emt 0:00:10]} Re2+ {[%emt 0:00:10]} 50. Kf3 {[%emt 0:00:10]} Re1 {[%emt 0:00:10]} 51. Kf2 {[%emt 0:00:10]} Rf1+ {[%emt 0:00:10]} 52. Ke3 {[%emt 0:00:10]} Kb5 {[%emt 0:00:10]} 53. Bg7 {[%emt 0:00:10]} Re1+ {[%emt 0:00:10]} 54. Kd4 {[%emt 0:00:10]} Re4+ {[%emt 0:00:10]} 55. Kd5 {[%emt 0:00:10]} Rg4 {[%emt 0:00:10]} 56. Rb8+ {[%emt 0:00:10]} Ka4 {[%emt 0:00:10]} 57. Bc3 {[%emt 0:00:10]} Rg5+ {[%emt 0:00:10]} 58. Kd4 {[%emt 0:00:10]} Rg4+ {[%emt 0:00:10]} 59. Kd5 {[%emt 0:00:10]} Ka3 {[%emt 0:00:11]} 60. Kc5 {[%emt 0:00:10]} Rg5+ {[%emt 0:00:10]} 61. Kd4 {[%emt 0:00:10]} Rg4+ {[%emt 0:00:10]} 62. Kc5 {[%emt 0:00:10]} Rh4 {[%emt 0:00:10]} 63. Kd5 {[%emt 0:00:10]} Rh5+ {[%emt 0:00:10]} 64. Kd4 {[%emt 0:00:10]} Rh4+ {[%emt 0:00:10]} 65. Kc5 {[%emt 0:00:10]} Be2 {[%emt 0:00:10]} 66. Bb4+ {[%emt 0:00:10]} Ka2 {[%emt 0:00:10]} 67. Bc3 {[%emt 0:00:10]} Rh5+ {[%emt 0:00:10]} 68. Kd4 {[%emt 0:00:10]} Rh4+ {[%emt 0:00:10]} 69. Kc5 {[%emt 0:00:10]} Rh5+ {[%emt 0:00:10]} 70. Kd4 {[%emt 0:00:10]} 1/2-1/2